Redende Wappen - Statistiken

Allgemein
  • Dieses Quiz wurde 24 mal gespielt
  • Das Durchschnittsergebnis liegt bei 4 aus 12
Antwortstatistiken
Bildquiz Hint Antwort % Korrekt
Bayern München
81%
Niedersachsen Wolfsburg
81%
Sachsen-Anhalt Magdeburg
52%
Nordrhein-Westfalen Haan
43%
Baden-Württemberg Offenburg
43%
Thüringen Lederhose
24%
Niederösterreich Baden
14%
Nordrhein-Westfalen Schwanenberg
14%
Sachsen-Anhalt Tanne
14%
Thüringen Henneberg
5%
Baden-Württemberg Lauffen am Neckar
5%
Thurgau Horn
0%
Keine übereinstimmenden Quizze gefunden
Verteilung der Resultate
Anzahl Personen mit jedem Resultat
Perzentil nach korrekt beantworteten Fragen
Ihre Resultats-Entwicklung
Sie haben dieses Quiz noch nicht gespielt